01771nam a2200277 a 450000100100000000500170001000800410002704000250006804100380009308200150013110000280014624000660017424502110024026000470045130000330049850000740053150000370060550504110064253400980105370000330115170000390118404900090122395201190123295201250135199900170147600002646520200930030234.0110318s1986 ag a r 000 0 spa d aDO-SdBNPbspacBNPHU17aspaheng2Código de idioma MARC axxxbG795p1 aGreen, Thomas F.95352610aPredicting the behavior of the educational systemlEspañol.10aPronosticando el comportamiento del sistema educativo /cThomas F. Green ; con la colaboración de David P. Ericson y de Robert H. Seidman ; versión española de Julio Lizaranzu y Ana Patricia García. aMéxico, D. F. :bNoemas Editores,c1986. a282, [6] p. :bil. ;c21 cm. aIncluye referencias bibliográficas y notas al pie de las páginas. aIncluye apéndices (p. 246-278)0 aEl sistema educacional: elementos -- El sistema educativo: control -- El sistema educativo: distribución -- El sistema educativo: principios jerárquicos -- El sistema educativo: jerarquías del status -- El sistema en movimiento -- La dialéctica de dos principios: mejor e igual -- Argumentos de bendiciones públicos y privados: apoyo político para el sistema -- Reconsideraciones y desviaciones aTítulo de la obra original en inglés:tPredicting the behavior of the educational system.1 aLizaranzu, Julioetr.9535271 aGarcía, Ana Patriciaetr.953528 aBNGR 001054708MOaGRbGRcCTd2011-03-18iLF1l0oxxx G795pp26465-10r2020-06-25w2020-06-25y4ZPréstamo en sala 001054728MOaGRbGRcCTd2011-03-18iLF1l0oxxx G795pp26465-20r2020-06-25te. 2w2020-06-25y4ZPréstamo en sala c25957d25957